skbl

Dr Suryya Kumar Bhuyan Library Web-OPAC
ডঃ সূৰ্য্য
কুমাৰ ভূঞা পুথিভঁৰাল ৱেব-অ'পেক

All Research Scholars are advised to clear the annual library fees to continue using Library Resources, Remote Access, Plagiarism Test and Library Clearance.

Cotton University Book Fair 2026

Bangla Katha Sahitya: Bibhinna Matra / (Record no. 39781)

MARC details
000 -LEADER
fixed length control field 00514nam a2200169Ia 4500
001 - CONTROL NUMBER
control field 39809
008 - FIXED-LENGTH DATA ELEMENTS--GENERAL INFORMATION
fixed length control field 170317s2001 ii a g b000 u 346 u
082 ## - DEWEY DECIMAL CLASSIFICATION NUMBER
Classification number 891.44309
100 ## - MAIN ENTRY--PERSONAL NAME
Personal name Kaiser, Santanu .,
Relator term Author.
245 #0 - TITLE STATEMENT
Title Bangla Katha Sahitya: Bibhinna Matra /
Statement of responsibility, etc. Santanu Kaiser.
Medium Textual Documents
250 ## - EDITION STATEMENT
Edition statement 1st ed. /
260 ## - PUBLICATION, DISTRIBUTION, ETC.
Place of publication, distribution, etc. Dhacca :
Name of publisher, distributor, etc. Md. Arifur Rahman Nayeem Oitijjhya ,
Date of publication, distribution, etc. 2001.
300 ## - PHYSICAL DESCRIPTION
Extent 191p. :
Other physical details ill ;
Dimensions 22cm .
653 ## - INDEX TERM--UNCONTROLLED
Uncontrolled term Bengali Fiction-Criticism
653 ## - INDEX TERM--UNCONTROLLED
Uncontrolled term G-Bengali
942 ## - ADDED ENTRY ELEMENTS (KOHA)
Source of classification or shelving scheme Dewey Decimal Classification
Koha item type Books
Holdings
Withdrawn status Lost status Damaged status Not for loan Home library Current library Date acquired Coded location qualifier Total checkouts Full call number Barcode Date last seen Copy number Price effective from Koha item type
        Dr. Suryya Kumar Bhuyan Library Dr. Suryya Kumar Bhuyan Library 01/02/2012 00000   891.44309 Ka 123 Ba 2128/Beng 14/01/2024 1 01/02/2012 Books

Designed and Maintained by Team SKBL
©1901-2026

Powered by Koha